000 00947cab a2200265 4500
001 ABS46828
008 090401t1992 xxu||||| |||| 00| 0 eng d
035 _a(Sirsi) u59608
041 _aeng
100 _aCowan, D.S.
245 4 _aThe future of land law
260 _c1992
350 _a0
490 _aNew Law Journal
_v142(6561) 17 July 1992, 1016-1018(3)
520 _aCritique of an earlier article by J.F.Garner (Abs46653) which outlined land law this century. Calls for changes to the existing system of land law based on the three 1925 Acts, Law of Property Act, Land Registration Act and Settled Land Act.
650 _aIMPLIED TRUSTS
650 _aLAND LAW
650 _aLAND REGISTRATION ACT 1925
650 _aLAW OF PROPERTY (MISCELLANEOUS PROVISIONS) ACT 1989
650 _aLAW OF PROPERTY ACT 1925
650 _aSETTLED LAND ACT 1925
690 _aPROPERTY LAW AND PRACTICE
942 _n0
948 _c04/03/1997
999 _c36593
_d36593